| 000 | 00864nam a2200241 a 4500 | ||
|---|---|---|---|
| 001 | BRCA_7506 | ||
| 005 | 20190320205850.0 | ||
| 008 | 070513s2009----mx-ab#####---#000-0#spa-# | ||
| 020 | _a9786077699040 | ||
| 041 | _aspa | ||
| 044 | _amx | ||
| 050 | 4 |
_aF799 _b.M37 2009 |
|
| 100 | 1 |
_aMartínez Saldaña, Tomás _918505 |
|
| 245 | 1 | 0 |
_aEl Camino Real de Tierra Adentro _cTomás Martínez Saldaña, Enrique Lamadrid, Jack Loeffler ; ilustrador, Héctor Ricardo Osuna Orozco. |
| 260 |
_aMéxico _bColegio de Postgraduados : Mundi-Prensa México _c2009 |
||
| 300 |
_a134 p. _bil., mapas _c28 cm. |
||
| 504 | _aBibliografía: p. 131-134 | ||
| 651 | 4 |
_aChihuahua (Región) _xHistoria _918506 |
|
| 700 | 1 |
_aLamadrid, Enrique R. _ecoaut. _918507 |
|
| 700 | 1 |
_aLoeffler, Jack _d1936- _ecoaut. _918508 |
|
| 700 | 1 |
_aOsuna Orozco, Héctor Ricardo _eil. _918509 |
|
| 942 |
_2lcc _cB |
||
| 999 |
_c7181 _d7181 |
||